|
|
|
|
| LEADER |
00000cam a2200000 7i4500 |
| 001 |
0000144279 |
| 005 |
20101013.0 |
| 020 |
|
|
|a 9781847378835
|
| 090 |
0 |
0 |
|a 968.065092
|b MER
|
| 100 |
1 |
|
|a Meredith, Martin
|
| 245 |
1 |
0 |
|a Mandela :
|b a biography
|c Martin Meredith
|
| 260 |
|
|
|a London :
|b Simon & Schuster UK Ltd. ,
|c 2010
|
| 300 |
|
|
|a 653p. ;
|c 23cm.
|
| 600 |
0 |
0 |
|a Mandela, Nelson ,
|d 1918-
|
| 610 |
1 |
0 |
|a African National Congress
|x History
|
| 650 |
0 |
0 |
|a Political prisoners
|z South Africa
|x Biography
|
| 650 |
0 |
0 |
|a Presidents
|z South Africa
|x Biography
|
| 651 |
|
0 |
|a South Africa
|x Politics and government
|y 20th century
|
| 651 |
|
0 |
|a South Africa
|x Race relations
|
| 999 |
|
|
|a 00239928
|b BUKU
|c PINJAMAN
|e PERPUSTAKAAN KOMUNITI PETALING JAYA
|